| 000 | 00758nam a22002177a 4500 | ||
|---|---|---|---|
| 999 |
_c61668 _d61668 |
||
| 005 | 20240415164755.0 | ||
| 008 | 240415s2008 enk||||| |||| 00| 0 eng d | ||
| 020 | _a9781416029991x | ||
| 041 | _aeng | ||
| 080 | _a616.5 D-45 | ||
| 245 |
_aDermatology: _b2 Volume / _cJean L. Bolognia, Joseph L. Jorizzo, Ronald P. Rapini. |
||
| 250 | _aSecond edition | ||
| 264 |
_aNew York : _bMosby, _c2008. |
||
| 300 |
_a2391 p.: _bill.; _c29 cm. |
||
| 653 | _aდერმატოლოგია | ||
| 653 | _aმედიცინა | ||
| 700 |
_aBolognia, Jean L. _eრედაქტორი _921792 |
||
| 700 |
_aJorizzo, Joseph L. _eრედაქტორი _921793 |
||
| 700 |
_aRapini, Ronald P. _eრედაქტორი _921794 |
||
| 942 |
_2udc _cBK |
||